| 000 | 01683nam a2200421 i 4500 | ||
|---|---|---|---|
| 001 | DIGARTEP0179 | ||
| 003 | NyNyDIG | ||
| 007 | cr ||||||||||| | ||
| 008 | 221214s2007 txua co 000 j eng d | ||
| 006 | m o d | ||
| 035 | _a(OCoLC)853622657 | ||
| 040 |
_aDGITA _beng _erda _epn _cDGITA |
||
| 020 |
_a9781558855540 _qeBook |
||
| 020 | _z9781558854864 | ||
| 041 | 0 |
_aeng _aspa |
|
| 050 | 1 | 4 | _aPZ73 ebook |
| 100 | 1 |
_aBertrand, Diane Gonzales, _eauthor. |
|
| 245 | 1 | 0 |
_aWe are cousins / _cby Diane Gonzales Bertrand ; illustrated by Christina E. Rodriguez = Somos primos / por Diane Gonzales Bertrand ; ilustraciones de Christina E. Rodriguez. |
| 246 | 3 | 1 | _aSomos primos |
| 264 | 1 |
_aHouston, Texas : _bPiñata Books : _bArte Público Press, _c[2007] |
|
| 300 |
_a1 online resource : _bcolor illustrations. |
||
| 336 |
_atext _btxt _2rdacontent |
||
| 337 |
_acomputer _bc _2rdamedia |
||
| 338 |
_aonline resource _bcr _2rdacarrier |
||
| 347 |
_atext file _2rdaft |
||
| 347 | _bPDF | ||
| 546 | _aText in English and Spanish. | ||
| 588 | 0 | _aOnline resource; title from PDF title page (Digitalia, viewed December 14, 2022) | |
| 650 | 0 |
_aCousins _vJuvenile fiction. |
|
| 655 | 7 |
_aShort stories. _2lcgft |
|
| 700 | 1 |
_aRodriguez, Christina, _d1981- _eillustrator. |
|
| 791 | 2 |
_aDigitalia (Firm), _edistributor. |
|
| 793 | 0 |
_gDigitalia eBook Collection: _aArte Publico Press |
|
| 776 | 0 | 8 |
_iPrint version: _aBertrand, Diane Gonzales. _tWe are cousins. _dHouston, Texas : Piñata Books : Arte Público Press, [2007] _z9781558854864 |
| 856 | 4 | 0 |
_3Digitalia Hispánica _uhttps://www.digitaliapublishing.com/a/23199/ |
| 910 | _aPremium collection: 2022 | ||
| 942 | _cRAA | ||
| 999 |
_c237536 _d237536 |
||